| 000 | nam a22 7a 4500 | ||
|---|---|---|---|
| 999 |
_c126538 _d126538 |
||
| 008 | 170725b xxu||||| |||| 00| 0 eng d | ||
| 050 | _aDS557.7.M33 | ||
| 100 |
_aMaclear, Michael _933498 |
||
| 245 |
_aThe ten thousand day war _bVietnam: 1945-1975 _c/ Michael, Maclear |
||
| 260 |
_aNew York _bAvon Books _c1979 |
||
| 300 |
_ax, 368p. ; _c23cm. |
||
| 650 |
_aVietnamese Conflict _y1961-1975 _933496 |
||
| 650 |
_aIndochinese War _y1946-1954 _933497 |
||
| 942 |
_2lcc _cMONOGRAPH |
||